| 000 | 00379nam a22001457a 4500 | ||
|---|---|---|---|
| 999 |
_c4729 _d4729 |
||
| 008 | 200824b ||||| |||| 00| 0 eng d | ||
| 082 | 0 | 0 |
_a620.1064 _bV183 |
| 100 |
_9776 _aVallentine, H. R. |
||
| 245 | 1 | 0 |
_aApplied thermodynamics _cby H. R. Vallentine |
| 260 |
_aLondon _bButterworths _c1959 |
||
| 300 | _aviii, 271 p. | ||
| 365 | _d40.00 | ||
| 650 | 0 | _aHydrodynamics | |
| 942 | _cBK | ||